Liste des 23 Équipe de France Mondial 2014 - Statistiques

Statistiques générales
  • Ce quiz a été pris 269 fois
  • Le résultat moyen est 15 sur 23
Statistiques - réponses
Poste Nom % Correct
G Hugo LLORIS
100%
A Antoine GRIEZMANN
93%
A Karim BENZEMA
92%
M Paul POGBA
91%
D Raphaël VARANE
89%
A Olivier GIROUD
86%
M Blaise MATUIDI
83%
D Patrice ÉVRA
81%
M Mathieu VALBUENA
77%
D Laurent KOSCIELNY
73%
D Bacary SAGNA
72%
M Yohan CABAYE
70%
G Stéphane RUFFIER
63%
G Mickaël LANDREAU
60%
M Moussa SISSOKO
60%
D Mathieu DEBUCHY
58%
D Mamadou SAKHO
51%
D Lucas DIGNE
50%
M Morgan SCHNEIDERLIN
43%
D Eliaquim MANGALA
36%
M Rémy CABELLA
36%
A Loïc REMY
32%
M Rio MAVUBA
29%
Aucun quiz correspondant
Distribution des résultats
% des personnes avec chaque résultat
Percentile par nombre de réponses
Votre historique - résultats
Vous n’avez pas pris ce quiz